| 000 | 00476nam a2200181Ia 4500 | ||
|---|---|---|---|
| 008 | 131103s9999 xx 000 0 und d | ||
| 020 | _a600312690 | ||
| 040 | _aLoreto College | ||
| 041 | _aEnglish | ||
| 082 |
_a823.8/BRO _b- WIL/823.81/BRO LCLIB/34530,23988 |
||
| 100 | _aWilks,Brian | ||
| 245 | 4 |
_aThe Brontes _cBrian Wilks |
|
| 260 |
_aLondon _bHamlyn _c1984 |
||
| 300 |
_a144 p. _b ill. _c 30 cm. x 22 cm. |
||
| 504 | _aIncludes index | ||
| 850 | _aLCLIB | ||
| 942 | _cBK | ||
| 999 |
_c5555 _d56034 |
||